| 000 | 00390nam a2200133Ia 4500 | ||
|---|---|---|---|
| 005 | 20260328104252.0 | ||
| 008 | 260328s9999||||xx |||||||||||||| ||und|| | ||
| 100 | _aLangagne O., Eduardo | ||
| 245 | 0 |
_aEl Jardín de Niños : _b Norma de Diseño y viabilidad económica / _cEduardo Langagne O. |
|
| 260 | _bJC Ediciones | ||
| 300 | _a91 p. | ||
| 650 | _aEDIFICACIONES ESCOLARES | ||
| 942 | _cBK | ||
| 999 |
_c10271 _d10271 |
||